[Event "Quebec op U2000"]
[Site "Laval CAN"]
[Date "2022.09.01"]
[Round "1.27"]
[White "Cloutier, Jean-Pierre"]
[Black "Di Matteo, Alessio"]
[Result "0-1"]
[WhiteElo "1714"]
[BlackElo "1909"]
[PlyCount "76"]
[EventDate "2022.09.01"]
[EventType "swiss"]
[EventRounds "9"]
[EventCountry "CAN"]

1. d4 Nf6 2. Bf4 d5 3. e3 Bf5 4. Nf3 e6 5. c4 Bxb1 6. Rxb1 Bb4+ 7. Ke2 Be7 8.
c5 O-O 9. Ne5 Nh5 10. Bg3 b6 11. Nd3 Nd7 12. b4 Nxg3+ 13. hxg3 bxc5 14. bxc5
Qc8 15. f4 Nf6 16. Kf3 Ne4 17. Qc2 f6 18. Nb4 c6 19. Be2 e5 20. Bd3 a5 21. Bxe4
dxe4+ 22. Qxe4 f5 23. Qxe5 axb4 24. Qxe7 Re8 25. Qh4 Rxe3+ 26. Kxe3 Qe6+ 27.
Kf2 Qxa2+ 28. Kg1 Qxb1+ 29. Kh2 Qxh1+ 30. Kxh1 b3 31. Qe7 b2 32. Qb7 Ra1+ 33.
Kh2 b1=Q 34. Qc8+ Kf7 35. Qd7+ Kg6 36. Qe6+ Kh5 37. Qf7+ Kh6 38. Qe6+ g6 0-1

[Event "Quebec op U2000"]
[Site "Laval CAN"]
[Date "2022.09.01"]
[Round "1.28"]
[White "Forget, Luc"]
[Black "Moisescu, George"]
[Result "1-0"]
[WhiteElo "1905"]
[BlackElo "1706"]
[PlyCount "65"]
[EventDate "2022.09.01"]
[EventType "swiss"]
[EventRounds "9"]
[EventCountry "CAN"]

1. d4 d5 2. c4 e6 3. Nc3 Nf6 4. cxd5 exd5 5. Bf4 Bd6 6. Bg3 c6 7. e3 Bf5 8. Nf3
h6 9. Bd3 Bxd3 10. Qxd3 Qe7 11. O-O Bxg3 12. hxg3 Nbd7 13. b4 a6 14. a4 O-O 15.
b5 Rfc8 16. Rfd1 cxb5 17. axb5 a5 18. Na4 b6 19. Ne5 Qd6 20. e4 Rab8 21. Rdc1
Rxc1+ 22. Rxc1 Qb4 23. Nc6 Qd6 24. Nxb8 Qxb8 25. Rc6 Nxe4 26. Qc2 Kh7 27. Nc3
g6 28. Nxe4 dxe4 29. Qxe4 a4 30. Qe7 Kg7 31. Qxd7 a3 32. Rc7 Qf8 33. Qe7 1-0

[Event "Quebec op U2000"]
[Site "Laval CAN"]
[Date "2022.09.01"]
[Round "1.29"]
[White "Phaneuf, Vincent"]
[Black "Laughlin, Braden"]
[Result "0-1"]
[WhiteElo "1692"]
[BlackElo "1879"]
[PlyCount "44"]
[EventDate "2022.09.01"]
[EventType "swiss"]
[EventRounds "9"]
[EventCountry "CAN"]

1. d4 d5 2. c4 c6 3. Nf3 Nf6 4. Nc3 e6 5. e3 Nbd7 6. Qc2 Bd6 7. g4 h6 8. Rg1 e5
9. Nh4 a6 10. Nf5 Bf8 11. Bd2 g6 12. Nh4 Ne4 13. cxd5 Nxd2 14. Nxg6 Nf3+ 15.
Kd1 Rg8 16. dxc6 bxc6 17. Qe4 Rxg6 18. Qxf3 Qf6 19. Qe2 Qe6 20. Qd3 Rxg4 21.
Bg2 Qg6 22. Qf1 exd4 0-1

[Event "Quebec op U2000"]
[Site "Laval CAN"]
[Date "2022.09.01"]
[Round "1.30"]
[White "Deschamps, Martin"]
[Black "Servant, Michel"]
[Result "1-0"]
[WhiteElo "1864"]
[BlackElo "1656"]
[PlyCount "85"]
[EventDate "2022.09.01"]
[EventType "swiss"]
[EventRounds "9"]
[EventCountry "CAN"]

1. c4 Nf6 2. Nc3 e6 3. Nf3 c6 4. d4 d5 5. Bg5 Nbd7 6. e4 h6 7. Bxf6 Nxf6 8. e5
Ne4 9. a3 Qa5 10. Qc1 Be7 11. Bd3 Ng5 12. b4 Qd8 13. c5 O-O 14. Rg1 f5 15. h4
Ne4 16. g3 Qe8 17. Ne2 Qf7 18. Nh2 g5 19. f3 Bd7 20. Bc2 Kh8 21. fxe4 fxe4 22.
Qe3 Qh5 23. O-O-O gxh4 24. Nf4 Qg5 25. Rdf1 h3 26. Bd1 Rf7 27. Kd2 Raf8 28.
Nxh3 Qxe3+ 29. Kxe3 Rxf1 30. Rxf1 Rg8 31. g4 Be8 32. Rg1 Bh4 33. Nf1 Rf8 34.
Ng3 Bg6 35. Nf4 Bg5 36. Rf1 b6 37. Nge2 Bh7 38. Kd2 bxc5 39. bxc5 Rb8 40. Ke3
Re8 41. Ba4 Bxf4+ 42. Nxf4 Rf8 43. Ng6+ 1-0

[Event "Quebec op U2000"]
[Site "Laval CAN"]
[Date "2022.09.01"]
[Round "1.31"]
[White "Adulfo, Vincent Angel"]
[Black "Mangahas, Ronald"]
[Result "0-1"]
[WhiteElo "1654"]
[BlackElo "1842"]
[PlyCount "54"]
[EventDate "2022.09.01"]
[EventType "swiss"]
[EventRounds "9"]
[EventCountry "CAN"]

1. d4 g6 2. c4 Nf6 3. Nc3 Bg7 4. Nf3 O-O 5. e3 d6 6. Be2 Nbd7 7. O-O Re8 8. e4
e5 9. dxe5 dxe5 10. Bg5 c6 11. Qc2 Qc7 12. Rad1 Nc5 13. Rd2 Ne6 14. Bh4 h6 15.
Rfd1 g5 16. Bg3 Nf4 17. Bxf4 exf4 18. c5 g4 19. Nd4 g3 20. f3 gxh2+ 21. Kf2 Qe5
22. Rh1 Qh5 23. Ke1 Qh4+ 24. Kd1 Nh5 25. Kc1 Ng3 26. Rdd1 Nxh1 27. Rxh1 Qf2 0-1

[Event "Quebec op U2000"]
[Site "Laval CAN"]
[Date "2022.09.01"]
[Round "1.32"]
[White "Fumey, Enyonam Sewa"]
[Black "Sonko, Babacar"]
[Result "0-1"]
[WhiteElo "1825"]
[BlackElo "1653"]
[PlyCount "30"]
[EventDate "2022.09.01"]
[EventType "swiss"]
[EventRounds "9"]
[EventCountry "CAN"]

1. e4 e5 2. f4 exf4 3. Nf3 d6 4. d4 Bg4 5. Bxf4 Be7 6. Bc4 h5 7. O-O g5 8. Be3
Nh6 9. Qd2 f6 10. h4 Bxf3 11. hxg5 Bxe4 12. gxf6 Bxf6 13. Bxh6 d5 14. Be2 Rxh6
15. Qxh6 Bxd4+ 0-1

[Event "Quebec op U2000"]
[Site "Laval CAN"]
[Date "2022.09.01"]
[Round "1.33"]
[White "Page, Denis"]
[Black "Liu, Kevin"]
[Result "1/2-1/2"]
[WhiteElo "1637"]
[BlackElo "1809"]
[PlyCount "79"]
[EventDate "2022.09.01"]
[EventType "swiss"]
[EventRounds "9"]
[EventCountry "CAN"]

1. e4 c5 2. Nc3 g6 3. d3 Nc6 4. g3 Bg7 5. Bg2 e6 6. Be3 d6 7. Qd2 Rb8 8. Nge2
b5 9. O-O Nd4 10. Nd1 Ne7 11. Nxd4 cxd4 12. Bh6 O-O 13. Bxg7 Kxg7 14. c3 dxc3
15. bxc3 d5 16. Qe3 dxe4 17. Bxe4 Qc7 18. Bg2 Nf5 19. Qd2 Bb7 20. Ne3 Nxe3 21.
fxe3 Bxg2 22. Kxg2 a5 23. Rac1 Rfd8 24. Rfd1 Rd6 25. Qe2 b4 26. cxb4 Qb7+ 27.
Qf3 Qxb4 28. Rc7 Qb2+ 29. Kh3 Qf6 30. Qxf6+ Kxf6 31. Rf1+ Kg5 32. Rc5+ f5 33.
Rxa5 Rxd3 34. e4 Rb2 35. exf5 gxf5 36. a4 Rdd2 37. Rh1 Ra2 38. Ra8 Kh6 39. a5
Rd5 40. Re1 1/2-1/2

[Event "Quebec op U2000"]
[Site "Laval CAN"]
[Date "2022.09.01"]
[Round "1.34"]
[White "Sarra-Bournet, Marc"]
[Black "Arsenault, Alexis"]
[Result "0-1"]
[WhiteElo "1781"]
[BlackElo "1554"]
[PlyCount "67"]
[EventDate "2022.09.01"]
[EventType "swiss"]
[EventRounds "9"]
[EventCountry "CAN"]

1. e4 e5 2. Nf3 Nc6 3. Bb5 a6 4. Ba4 Nf6 5. O-O Be7 6. Re1 b5 7. Bb3 d6 8. h3
O-O 9. c3 Bb7 10. d4 Re8 11. Nbd2 Bf8 12. Bc2 h6 13. d5 Ne7 14. Nf1 c6 15. dxc6
Bxc6 16. Ng3 Qc7 17. Bb3 Rad8 18. Qe2 Ng6 19. Nh2 d5 20. Ng4 Nxe4 21. Nxe4 dxe4
22. Ne3 Nf4 23. Qg4 Rd6 24. Kh1 Rg6 25. Qd1 Qc8 26. Ng4 h5 27. Ne3 Rd8 28.
Bxf7+ Kxf7 29. Qb3+ Ke8 30. g4 hxg4 31. hxg4 Rxg4 32. Nxg4 Qxg4 33. Bxf4 e3+
34. Kh2 0-1

[Event "Quebec op U2000"]
[Site "Laval CAN"]
[Date "2022.09.01"]
[Round "1.35"]
[White "Moses, Neil"]
[Black "Joanis, Marc-Andre"]
[Result "1-0"]
[WhiteElo "1485"]
[BlackElo "1780"]
[PlyCount "59"]
[EventDate "2022.09.01"]
[EventType "swiss"]
[EventRounds "9"]
[EventCountry "CAN"]

1. Nf3 Nf6 2. d4 e6 3. c4 Bb4+ 4. Nc3 Bxc3+ 5. bxc3 d6 6. g3 Qe7 7. Bg2 e5 8.
Bg5 Nc6 9. O-O h6 10. Bxf6 Qxf6 11. e4 Bg4 12. Rb1 Bxf3 13. Bxf3 Rb8 14. d5 Ne7
15. Qa4+ b5 16. Rxb5 O-O 17. Bg2 h5 18. Rfb1 Rxb5 19. Rxb5 h4 20. Qxa7 hxg3 21.
hxg3 Qg5 22. Qxc7 f5 23. Qxd6 fxe4 24. Qe6+ Kh8 25. Bxe4 Ng8 26. Qg6 Qc1+ 27.
Kg2 Rxf2+ 28. Kxf2 Qd2+ 29. Kg1 Qe3+ 30. Kh2 1-0

[Event "Quebec op U2000"]
[Site "Laval CAN"]
[Date "2022.09.01"]
[Round "1.36"]
[White "Rondon, Luciano"]
[Black "Vaillant, Charles-Etienne"]
[Result "1-0"]
[WhiteElo "1765"]
[BlackElo "1452"]
[PlyCount "51"]
[EventDate "2022.09.01"]
[EventType "swiss"]
[EventRounds "9"]
[EventCountry "CAN"]

1. e4 c5 2. d4 cxd4 3. c3 Nf6 4. e5 Nd5 5. cxd4 e6 6. Nc3 Nxc3 7. bxc3 Qc7 8.
Bd2 b6 9. f4 Bb7 10. Nf3 d6 11. Bd3 Nd7 12. O-O Be7 13. Qe2 h6 14. f5 O-O-O 15.
Bf4 dxe5 16. Nxe5 Nxe5 17. Bxe5 Bd6 18. fxe6 Bxe5 19. Rxf7 Bxd4+ 20. cxd4 Qc3
21. Rd1 Qxd4+ 22. Kh1 Qc5 23. Ba6 Rxd1+ 24. Qxd1 Qc6 25. Bxb7+ Qxb7 26. Rxb7
1-0

[Event "Quebec op U2000"]
[Site "Laval CAN"]
[Date "2022.09.01"]
[Round "1.37"]
[White "Guan, Daniel"]
[Black "Morales, Al"]
[Result "1-0"]
[WhiteElo "985"]
[BlackElo "1753"]
[PlyCount "69"]
[EventDate "2022.09.01"]
[EventType "swiss"]
[EventRounds "9"]
[EventCountry "CAN"]

1. d4 d5 2. c4 c6 3. Nc3 Nf6 4. Nf3 dxc4 5. a4 Bf5 6. e3 e6 7. Bxc4 Bb4 8. Bd2
O-O 9. O-O Nbd7 10. Qb3 Bxc3 11. Bxc3 Qb6 12. a5 Qxb3 13. Bxb3 Nd5 14. Rac1
Rfc8 15. Rfd1 Bg4 16. h3 Bh5 17. g4 Bg6 18. Be1 h5 19. g5 f6 20. gxf6 gxf6 21.
Nh4 Bh7 22. Bd2 Kf7 23. f3 Rg8+ 24. Kf2 Bd3 25. e4 Ne7 26. Ng2 Ng6 27. Bb4 Ba6
28. d5 exd5 29. exd5 c5 30. d6+ c4 31. Bxc4+ Bxc4 32. Rxc4 Rac8 33. Rc7 Rxc7
34. dxc7 Ke6 35. Rd6+ 1-0

[Event "Quebec op U2000"]
[Site "Laval CAN"]
[Date "2022.09.02"]
[Round "2.21"]
[White "Sekki, Abderaouf"]
[Black "Rondon, Luciano"]
[Result "1-0"]
[WhiteElo "1951"]
[BlackElo "1765"]
[PlyCount "119"]
[EventDate "2022.09.01"]
[EventType "swiss"]
[EventRounds "9"]
[EventCountry "CAN"]

1. d4 d5 2. c4 e6 3. Nc3 Nf6 4. Bg5 Be7 5. e3 O-O 6. cxd5 Nxd5 7. Bxe7 Qxe7 8.
Nf3 Nd7 9. Bd3 Nxc3 10. bxc3 e5 11. Qc2 h6 12. O-O b6 13. Be4 Rb8 14. a4 a5 15.
Bc6 Bb7 16. Bxb7 Rxb7 17. Qe4 Rbb8 18. Nxe5 Nxe5 19. dxe5 Rbd8 20. Rfd1 Rfe8
21. f4 Qc5 22. c4 f5 23. Qxf5 Qxe3+ 24. Kh1 Rxd1+ 25. Rxd1 Qe2 26. Qd3 Qg4 27.
Qd7 Qe6 28. Qxc7 Rc8 29. Rd8+ Rxd8 30. Qxd8+ Kh7 31. Qd3+ Kh8 32. Qe4 Qg4 33.
Qf3 Qe6 34. Qd5 Qf5 35. h3 Qxf4 36. Qd8+ Kh7 37. Qd3+ Kh8 38. Qe2 Qc1+ 39. Kh2
Qf4+ 40. g3 Qf7 41. e6 Qe7 42. Qe3 Qb4 43. e7 Qb2+ 44. Kg1 Qb1+ 45. Kf2 Qf5+
46. Qf3 Qc5+ 47. Qe3 Qf5+ 48. Ke1 Qb1+ 49. Kd2 Qb2+ 50. Kd3 Qb1+ 51. Kd4 Qd1+
52. Qd3 Qg1+ 53. Kd5 Qc5+ 54. Ke6 Qc6+ 55. Qd6 Qc8+ 56. Kd5 Qg8+ 57. Kc6 Qxc4+
58. Kb7 Qe4+ 59. Ka7 Kg8 60. Qd8+ 1-0

[Event "Quebec op U2000"]
[Site "Laval CAN"]
[Date "2022.09.02"]
[Round "2.22"]
[White "Di Matteo, Alessio"]
[Black "Moses, Neil"]
[Result "1-0"]
[WhiteElo "1909"]
[BlackElo "1485"]
[PlyCount "79"]
[EventDate "2022.09.01"]
[EventType "swiss"]
[EventRounds "9"]
[EventCountry "CAN"]

1. d4 Nf6 2. c4 e6 3. Nc3 Bb4 4. e3 O-O 5. Bd3 d5 6. cxd5 exd5 7. Nge2 Nbd7 8.
O-O c5 9. a3 Bxc3 10. bxc3 Re8 11. Ng3 c4 12. Bc2 Nf8 13. Re1 Ne4 14. Nxe4 dxe4
15. Qe2 Qd5 16. a4 Ng6 17. Rb1 a6 18. Rb4 b5 19. f3 f5 20. Qf2 Bd7 21. Ba3 Reb8
22. Reb1 Rb7 23. R4b2 Rab8 24. fxe4 fxe4 25. Qg3 Bc6 26. Bd6 Rd8 27. Bc5 Ne7
28. Rf1 Nf5 29. Qg5 Nh6 30. Qh4 Re8 31. Rf4 Nf5 32. Qf2 Rf7 33. h4 Nh6 34. Rb1
Re6 35. Rf1 Ref6 36. Qg3 Rxf4 37. Rxf4 Rxf4 38. Qxf4 Nf5 39. g4 Nxd4 40. Qf8#
1-0

[Event "Quebec op U2000"]
[Site "Laval CAN"]
[Date "2022.09.02"]
[Round "2.23"]
[White "Sonko, Babacar"]
[Black "Forget, Luc"]
[Result "0-1"]
[WhiteElo "1653"]
[BlackElo "1905"]
[PlyCount "66"]
[EventDate "2022.09.01"]
[EventType "swiss"]
[EventRounds "9"]
[EventCountry "CAN"]

1. e4 Nf6 2. Nc3 d5 3. e5 Nfd7 4. Nf3 e6 5. d4 a6 6. Bd3 c5 7. Be3 Nc6 8. Be2
cxd4 9. Bxd4 Qc7 10. O-O Ndxe5 11. Re1 Bd6 12. h3 O-O 13. Bd3 Nxf3+ 14. Qxf3
Nxd4 15. Qg4 Nf5 16. Rad1 g6 17. Re2 h5 18. Qg5 Bf4 19. Qf6 Qd8 20. Qxd8 Rxd8
21. Bxf5 gxf5 22. Rd4 Bg5 23. Rd3 Bf6 24. g4 fxg4 25. hxg4 hxg4 26. Rg3 e5 27.
f3 Be6 28. fxg4 e4 29. Nd1 Bd4+ 30. Kf1 Kg7 31. c3 Bb6 32. Reg2 Rh8 33. g5 Bh3
0-1

[Event "Quebec op U2000"]
[Site "Laval CAN"]
[Date "2022.09.02"]
[Round "2.24"]
[White "Laughlin, Braden"]
[Black "Guan, Daniel"]
[Result "1-0"]
[WhiteElo "1879"]
[BlackElo "985"]
[PlyCount "103"]
[EventDate "2022.09.01"]
[EventType "swiss"]
[EventRounds "9"]
[EventCountry "CAN"]

1. e4 c5 2. Nf3 Nc6 3. Bb5 g6 4. c3 Nf6 5. Qe2 Bg7 6. O-O O-O 7. h3 Qb6 8. Rd1
Nxe4 9. Bxc6 Qxc6 10. d3 Nf6 11. Bf4 Nd5 12. Bh2 Re8 13. Nbd2 d6 14. Nf1 e5 15.
c4 Nc7 16. Ne3 f5 17. Ne1 f4 18. Nf1 Ne6 19. Nf3 g5 20. Re1 h5 21. N3d2 Nd4 22.
Qxh5 Nc2 23. Qxg5 Nxa1 24. Rxa1 Rf8 25. Re1 Bf5 26. Bxf4 Bxd3 27. Be3 Rf6 28.
Ng3 Rg6 29. Qh5 Rf8 30. Nf3 Qd7 31. Rd1 Bf5 32. Nxf5 Qxf5 33. Qxf5 Rxf5 34. Nh4
Rff6 35. Nxg6 Rxg6 36. g4 Kf7 37. Kg2 Ke6 38. Kf3 Bf6 39. Rg1 Bh4 40. g5 Kf5
41. Rg4 Bxg5 42. Rxg5+ Rxg5 43. Bxg5 Kxg5 44. Ke4 Kh4 45. Kd5 Kxh3 46. Kxd6 Kg2
47. Kxc5 e4 48. Kd4 Kf3 49. b4 b6 50. c5 bxc5+ 51. bxc5 Kxf2 52. Kxe4 1-0

[Event "Quebec op U2000"]
[Site "Laval CAN"]
[Date "2022.09.02"]
[Round "2.25"]
[White "Arsenault, Alexis"]
[Black "Deschamps, Martin"]
[Result "1/2-1/2"]
[WhiteElo "1554"]
[BlackElo "1864"]
[PlyCount "110"]
[EventDate "2022.09.01"]
[EventType "swiss"]
[EventRounds "9"]
[EventCountry "CAN"]

1. e4 Nf6 2. e5 Nd5 3. d4 d6 4. Bc4 Nb6 5. Bb3 dxe5 6. Qh5 e6 7. dxe5 Nc6 8.
Nf3 g6 9. Qh3 Bg7 10. Bh6 Bxh6 11. Qxh6 Qe7 12. Qg7 Qf8 13. Qf6 Nd7 14. Qf4 Qg7
15. Ba4 O-O 16. Bxc6 bxc6 17. Nc3 Rb8 18. O-O-O f6 19. Qc4 Nxe5 20. Nxe5 fxe5
21. Ne4 Qe7 22. f3 Rb6 23. Qc5 Qxc5 24. Nxc5 Rb5 25. Ne4 Rd5 26. c4 Rd4 27. b3
Kg7 28. Rhe1 Rfd8 29. g4 h6 30. h4 a5 31. g5 a4 32. Nc5 axb3 33. axb3 Rxd1+ 34.
Rxd1 Rf8 35. Rd3 hxg5 36. hxg5 Kf7 37. Kd2 Ke7 38. Ke3 Rf5 39. Ne4 c5 40. Nxc5
Rxg5 41. Ke4 Rh5 42. Rd2 g5 43. Rd3 Kf6 44. Rd8 Rh4+ 45. Ke3 Rh3 46. Kf2 Bb7
47. Nxb7 e4 48. Kg2 Rxf3 49. Rf8+ Ke5 50. Rxf3 exf3+ 51. Kxf3 Kd4 52. Nd8 Kc3
53. Nc6 Kxb3 54. Ne5 Kc3 55. Ke4 g4 1/2-1/2

[Event "Quebec op U2000"]
[Site "Laval CAN"]
[Date "2022.09.02"]
[Round "2.27"]
[White "Brassard, Sylvain"]
[Black "Giroux, Robert"]
[Result "1-0"]
[WhiteElo "1694"]
[BlackElo "1977"]
[PlyCount "71"]
[EventDate "2022.09.01"]
[EventType "swiss"]
[EventRounds "9"]
[EventCountry "CAN"]

1. d4 d5 2. Bf4 c6 3. c3 Nf6 4. e3 Bf5 5. Bd3 Bxd3 6. Qxd3 e6 7. Nd2 Be7 8.
Ngf3 O-O 9. h3 c5 10. O-O Nc6 11. Rfe1 a6 12. Rad1 Rc8 13. dxc5 Bxc5 14. e4 Qb6
15. Be3 Bxe3 16. Qxe3 Qxe3 17. Rxe3 Rfd8 18. e5 Nd7 19. Nb3 b5 20. Nbd4 Na5 21.
Nd2 Nc4 22. Nxc4 bxc4 23. b4 cxb3 24. axb3 Nc5 25. f3 Nd7 26. Ra1 Nb8 27. b4
Nc6 28. Rxa6 Nxd4 29. cxd4 Rc4 30. Rb3 Rxd4 31. b5 Rc4 32. b6 Rcc8 33. b7 Rb8
34. Rd6 Rxd6 35. exd6 Kf8 36. Rc3 1-0

[Event "Quebec op U2000"]
[Site "Laval CAN"]
[Date "2022.09.02"]
[Round "2.28"]
[White "Dupont-Mageau, Nicolas"]
[Black "Marchand, Jacques"]
[Result "1/2-1/2"]
[WhiteElo "1749"]
[BlackElo "1884"]
[PlyCount "71"]
[EventDate "2022.09.01"]
[EventType "swiss"]
[EventRounds "9"]
[EventCountry "CAN"]

1. e4 e6 2. Nc3 d5 3. Nf3 Nf6 4. e5 Ng8 5. d4 b6 6. Bf4 Qd7 7. a3 Ne7 8. Bd3
Ba6 9. Bxa6 Nxa6 10. Qd3 Nb8 11. O-O h5 12. Bg3 Nf5 13. Nh4 Nxh4 14. Bxh4 Be7
15. Bxe7 Qxe7 16. f4 g6 17. Ne2 O-O 18. Rf3 c5 19. Rh3 Kg7 20. Qg3 Rh8 21. f5
exf5 22. Nf4 h4 23. Nxd5 hxg3 24. Nxe7 Rxh3 25. gxh3 gxh2+ 26. Kxh2 Kf8 27. Nd5
Nc6 28. dxc5 bxc5 29. Re1 Re8 30. Nf6 Rd8 31. Re2 Ke7 32. Kg3 Ke6 33. Nh7 Nxe5
34. Ng5+ Kf6 35. Nh7+ Ke6 36. Ng5+ 1/2-1/2

[Event "Quebec op U2000"]
[Site "Laval CAN"]
[Date "2022.09.02"]
[Round "2.29"]
[White "Morin-Pare, Victor"]
[Black "Page, Denis"]
[Result "0-1"]
[WhiteElo "1912"]
[BlackElo "1637"]
[PlyCount "54"]
[EventDate "2022.09.01"]
[EventType "swiss"]
[EventRounds "9"]
[EventCountry "CAN"]

1. d4 e6 2. Bf4 f5 3. Nf3 Nf6 4. e3 b6 5. Nbd2 Bd6 6. Ne5 O-O 7. Qf3 Nc6 8.
Nxc6 dxc6 9. Qxc6 Rb8 10. Bxd6 cxd6 11. Bc4 b5 12. Bb3 Qe7 13. Qf3 Kh8 14. O-O
Bb7 15. Qe2 Bc6 16. c3 g5 17. Bc2 g4 18. e4 f4 19. f3 h5 20. e5 dxe5 21. Qxe5
Qg7 22. Ne4 gxf3 23. Rxf3 Nxe4 24. Bxe4 Qxe5 25. dxe5 Bxe4 26. Rh3 Rf5 27. Rh4
Rg8 0-1

[Event "Quebec op U2000"]
[Site "Laval CAN"]
[Date "2022.09.02"]
[Round "2.30"]
[White "Moisescu, George"]
[Black "Fumey, Enyonam Sewa"]
[Result "1-0"]
[WhiteElo "1706"]
[BlackElo "1825"]
[PlyCount "99"]
[EventDate "2022.09.01"]
[EventType "swiss"]
[EventRounds "9"]
[EventCountry "CAN"]

1. d4 Nf6 2. c4 d5 3. cxd5 Nxd5 4. e3 e6 5. Nf3 c5 6. dxc5 Bxc5 7. Be2 O-O 8.
O-O Nc6 9. a3 a6 10. b4 Be7 11. Bb2 Bf6 12. Qd2 Qc7 13. Bxf6 Nxf6 14. Rc1 Rd8
15. Qc2 Qe7 16. Nbd2 e5 17. Nb3 Bg4 18. h3 Bh5 19. Rd1 Bg6 20. Qb2 Nd7 21. Rac1
Rac8 22. b5 axb5 23. Bxb5 Rc7 24. Bxc6 bxc6 25. Nxe5 Nxe5 26. Rxd8+ Qxd8 27.
Qxe5 f6 28. Qd4 Rd7 29. Qc3 Rd3 30. Qb4 Qd5 31. Nc5 Rd2 32. Qc4 Rd1+ 33. Kh2
Rxc1 34. Qxc1 Bf7 35. Qc2 Qc4 36. Qxc4 Bxc4 37. a4 Kf7 38. a5 Ke7 39. a6 Bxa6
40. Nxa6 Kd6 41. Nb4 c5 42. Nc2 Kd5 43. Kg1 Ke4 44. Ne1 h5 45. Kf1 g5 46. Ke2
g4 47. hxg4 hxg4 48. f3+ gxf3+ 49. gxf3+ Kd5 50. Kd3 1-0

[Event "Quebec op U2000"]
[Site "Laval CAN"]
[Date "2022.09.02"]
[Round "2.31"]
[White "Servant, Michel"]
[Black "Sarra-Bournet, Marc"]
[Result "0-1"]
[WhiteElo "1656"]
[BlackElo "1781"]
[PlyCount "104"]
[EventDate "2022.09.01"]
[EventType "swiss"]
[EventRounds "9"]
[EventCountry "CAN"]

1. c4 e5 2. g3 Nf6 3. Nc3 Bc5 4. Bg2 O-O 5. Nf3 d6 6. O-O c6 7. d4 exd4 8. Nxd4
h6 9. h3 Qe7 10. b3 Na6 11. Bb2 Nb4 12. Rc1 Re8 13. a3 Bxd4 14. Qxd4 c5 15. Qd2
Nc6 16. e3 Bf5 17. Rfd1 Rab8 18. Nd5 Nxd5 19. Bxd5 Bxh3 20. Qc3 Qg5 21. Kh2 Bg4
22. Rh1 Qg6 23. f4 Bf5 24. Kg1 Qxg3+ 25. Kf1 Rxe3 26. Qxg7+ Qxg7 27. Bxg7 Kxg7
28. Kf2 Rbe8 29. Rcg1+ Kh7 30. Bxf7 Re2+ 31. Kg3 Rf8 32. Bd5 Be4 33. Rh5 Bxd5
34. Rxd5 Rf6 35. Rgd1 Re3+ 36. Kg4 Nd4 37. b4 Rg6+ 38. Kh4 Nf3+ 39. Kh5 Ng1 40.
R5d3 Re2 41. R3d2 Rxd2 42. Rxd2 Nf3 43. Rf2 Nd4 44. Rd2 Rg3 45. bxc5 dxc5 46.
a4 b6 47. Rd1 Kg7 48. Re1 Kf6 49. Re8 Ne6 50. f5 Kxf5 51. Kh4 Rg4+ 52. Kh3 Rxc4
0-1

[Event "Quebec op U2000"]
[Site "Laval CAN"]
[Date "2022.09.02"]
[Round "2.32"]
[White "Joanis, Marc-Andre"]
[Black "Cloutier, Jean-Pierre"]
[Result "1-0"]
[WhiteElo "1780"]
[BlackElo "1714"]
[PlyCount "81"]
[EventDate "2022.09.01"]
[EventType "swiss"]
[EventRounds "9"]
[EventCountry "CAN"]

1. c4 g6 2. Nf3 c5 3. g3 Bg7 4. Bg2 Nc6 5. O-O Nf6 6. d4 cxd4 7. Nxd4 Nxd4 8.
Qxd4 O-O 9. Nc3 d6 10. Qd3 Nd7 11. e4 Ne5 12. Qe2 Be6 13. Nd5 Rc8 14. Bg5 f6
15. Be3 b6 16. Rac1 Bf7 17. b3 e6 18. Nc3 Re8 19. Rfd1 a6 20. Na4 Rb8 21. f4
Nc6 22. e5 Nxe5 23. fxe5 fxe5 24. Qd2 b5 25. Nc3 bxc4 26. bxc4 Rc8 27. Qxd6
Qxd6 28. Rxd6 Rxc4 29. Ne4 Rxc1+ 30. Bxc1 h6 31. h4 Rc8 32. Bd2 Rc2 33. Rxa6
Kh7 34. Ra7 Kg8 35. Kf1 Be8 36. Ke1 Bc6 37. Ke2 g5 38. Kd3 Bxe4+ 39. Bxe4 Rc8
40. hxg5 Rd8+ 41. Ke2 1-0

[Event "Quebec op U2000"]
[Site "Laval CAN"]
[Date "2022.09.02"]
[Round "2.33"]
[White "Morales, Al"]
[Black "Phaneuf, Vincent"]
[Result "1-0"]
[WhiteElo "1753"]
[BlackElo "1682"]
[PlyCount "193"]
[EventDate "2022.09.01"]
[EventType "swiss"]
[EventRounds "9"]
[EventCountry "CAN"]

1. c4 e6 2. Nc3 d5 3. cxd5 exd5 4. d4 Nf6 5. Bg5 Be7 6. e3 O-O 7. Bd3 c6 8.
Nge2 h6 9. Bh4 Nbd7 10. O-O Re8 11. Rb1 b6 12. b4 Bb7 13. Qc2 Rc8 14. Rfc1 Ne4
15. Bxe7 Qxe7 16. Nxe4 dxe4 17. Bc4 Nf6 18. Nf4 Nd5 19. Bxd5 cxd5 20. Qa4 a6
21. Qb3 Qd7 22. h3 b5 23. Rc5 Rxc5 24. bxc5 Bc6 25. Qa3 Qa7 26. Qa5 Rb8 27. Nh5
Qb7 28. a3 Bd7 29. Nf4 Bc6 30. Ne2 Kh7 31. Nc3 Qc8 32. Na2 f5 33. Nb4 Qb7 34.
Rc1 Ra8 35. Qb6 Qxb6 36. cxb6 Bb7 37. Kf1 a5 38. Na2 Ra6 39. Rb1 Rxb6 40. Nc3
Bc6 41. Na4 Rb8 42. Nc5 b4 43. Ke1 g5 44. axb4 axb4 45. Na6 Rb6 46. Nxb4 Kg7
47. Kd2 Bb7 48. Kc3 Kf7 49. Ra1 Ke6 50. g3 h5 51. h4 Kf6 52. Ra5 gxh4 53. gxh4
Ke6 54. Rc5 Kd6 55. Ra5 Ke6 56. Ra1 Kf7 57. Rg1 Rg6 58. Rxg6 Kxg6 59. Kd2 f4
60. exf4 Kf5 61. Ke3 Kg4 62. f5 Kxf5 63. f3 exf3 64. Kxf3 Ba8 65. Nd3 Kg6 66.
Kf4 Kf6 67. Kf3 Kg6 68. Nf4+ Kh6 69. Ke3 Bc6 70. Kd2 Kg7 71. Nxh5+ Kg6 72. Ng3
Bd7 73. Kc3 Be6 74. Kb4 Bf7 75. Kc5 Kf6 76. Kd6 Bg8 77. Kc5 Bf7 78. Kb4 Be6 79.
Kc3 Bf7 80. Kd2 Be6 81. Ke3 Bg8 82. Kf4 Bf7 83. Nf5 Bg6 84. Ne3 Bf7 85. Ng4+
Kg7 86. Kg5 Be8 87. Nf6 Bf7 88. h5 Bxh5 89. Nxh5+ Kf7 90. Kf5 Ke7 91. Ke5 Kd7
92. Nf6+ Kd8 93. Kxd5 Kc8 94. Ke6 Kd8 95. d5 Kc8 96. Ke7 Kb7 97. d6 1-0

[Event "Quebec op U2000"]
[Site "Laval CAN"]
[Date "2022.09.02"]
[Round "2.34"]
[White "Vaillant, Charles-Etienne"]
[Black "Zhang, Michelle"]
[Result "0-1"]
[WhiteElo "1452"]
[BlackElo "1729"]
[PlyCount "150"]
[EventDate "2022.09.01"]
[EventType "swiss"]
[EventRounds "9"]
[EventCountry "CAN"]

1. d4 Nf6 2. c4 e6 3. Nc3 d5 4. cxd5 exd5 5. Bg5 Be7 6. e3 c6 7. Bd3 h6 8. Bh4
Nbd7 9. Qc2 O-O 10. Nge2 b6 11. O-O Bb7 12. f3 c5 13. Qd2 Re8 14. Rae1 Ne4 15.
fxe4 Bxh4 16. e5 Bxe1 17. Qxe1 Nxe5 18. dxe5 Rxe5 19. Ng3 Qg5 20. e4 Rae8 21.
Qf2 f6 22. exd5 Qg4 23. Bf5 Qd4 24. Be6+ R5xe6 25. dxe6 Rxe6 26. Nf5 Qg4 27.
Qg3 Qxg3 28. Nxg3 Rd6 29. Rf2 Rd3 30. Re2 Kf8 31. Kf2 Bc6 32. Nge4 f5 33. Ng3
f4 34. Nge4 g5 35. g3 fxg3+ 36. hxg3 Kf7 37. Rd2 Rxd2+ 38. Nxd2 Ke6 39. Ke3 Ke5
40. Nf3+ Kf5 41. g4+ Ke6 42. a3 Bb7 43. Ne4 Ba8 44. Ng3 Kf6 45. Nd2 Bb7 46. Nc4
Bc8 47. Nh5+ Ke6 48. Kd3 b5 49. Ne3 Ke5 50. b3 Be6 51. b4 c4+ 52. Kc3 Ke4 53.
Nxc4 bxc4 54. a4 Ke5 55. Ng3 Kf4 56. Nf5 Bxf5 57. gxf5 Kxf5 58. b5 Ke5 59. Kxc4
Kd6 60. a5 Kc7 61. Kd4 g4 62. Ke3 Kd6 63. b6 axb6 64. axb6 Kc6 65. Kf4 h5 66.
Kg3 Kxb6 67. Kf4 Kc5 68. Kg3 Kd4 69. Kf4 Kd3 70. Kg3 Ke3 71. Kg2 h4 72. Kh2 g3+
73. Kg1 Kf3 74. Kh1 g2+ 75. Kg1 h3 0-1